000 00290nam a2200133 i 4500
001 bg
100 1 _aSIELSKI, Jerzy
245 0 _aHydraulika /
_cJerzy Sielski.
260 _aGdaƄsk,
_c1979.
040 _cBPK
041 _apol
942 _cKS
008 s pl f |000 0 pol
999 _c18771
_d18771
856 _uhttp://koha.tu.koszalin.pl/cgi-bin/koha/opac-detail.pl?biblionumber=18771
_yKatalog online BPK